01674cam a22003255a 4500999001700000005001700017008004100034020001800075020001500093040003800108082002300146100003300169245008500202246002200287250003900309260004800348300005200396504005100448650003700499651001000536653005000546655001400596700003300610942000800643952012100651952013700772952014900909952013701058952015301195 c26147d2611920190317121754.0131028t2017 nyua frb 001 0 eng d a9781259251320 a1259251322 aEG-ScBUEbengcEG-ScBUEdEG-ScBUE04a621.31924bALE2221 aAlexander, Charles K.93424410aFundamentals of electric circuits /cCharles K. Alexander, Matthew N. O. Sadiku.30aElectric circuits a6th ed., International student ed. aNew York :bMcGraw-Hill Education,cc.2017. a1 v. (various pagings) :bill. (col.) ;c27 cm. aIncludes bibliographical references and index. 7aElectric circuits.2BUEsh934245 2BUEsh bENGMECcFebruary2018cFebruary2019cMarch2019 vText book1 aSadiku, Matthew N. O.934246 2ddc 00102ddc40708BaccahaMAINbMAINc1STd2018-02-18ePurchasel0o621.31924 ALEp000042969r2025-07-15 00:00:00yNB 00102ddc40708BaccahaMAINbMAINc1STd2018-02-18ePurchasel1m11o621.31924 ALEp000042970r2025-07-15 00:00:00s2024-10-20yBB 00102ddc40708BaccahaMAINbMAINc1STd2018-02-18ePurchasel3m23o621.31924 ALEp000042971q2026-05-13r2026-05-06 00:00:00s2026-05-06yBB 00102ddc40708BaccahaMAINbMAINc1STd2019-02-13ePurchaseg550.00l0o621.31924 ALEp000044234r2025-07-15 00:00:00v687.50yNB 00102ddc40708BaccahaMAINbMAINc1STd2019-03-17ePurchaseg550.00l2m10o621.31924 ALEp000044408r2025-07-15 00:00:00s2025-03-04v687.50yBB